000 00578nam a2200229Ia 4500
003 OSt
005 20220918194224.0
006 a|||||r|||| 00| 0
007 ta
008 220917b |||||||| |||| 00| 0 eng d
024 _a78,381
037 _cTextual
040 _aARTS
_cARTS
_beng
041 _2eng
_aeng
082 _aS0A, J2 (GE)
100 _aTaylor Wiliam
_983994
245 0 _aRelationship between psychology and science
260 _c1952
650 _aPSYCHOLOGY
942 _hS0A, J2 (GE)
_cTEXL
_2CC
999 _c202179
_d202179